Giáo trình luật ngân sách nhà nước
Giới thiệu nhập môn luật ngân sách nhà nước. Trình bày về tổ chức; lập dự toán; chấp hành và quyết toán; quản lý quỹ và xử lý vi phạm pháp luật về ngân sách nhà nước
שמור ב:
| מחבר ראשי: | |
|---|---|
| מחברים אחרים: | , , |
| פורמט: | ספר |
| שפה: | Vietnamese |
| יצא לאור: |
H.
Công an nhân dân
2015
|
| מהדורה: | Tái bản lần thứ 10, có sửa đổi, bổ sung |
| נושאים: | |
| תגים: |
הוספת תג
אין תגיות, היה/י הראשונ/ה לתייג את הרשומה!
|
| Thư viện lưu trữ: | Thư viện Trường Đại học Nam Cần Thơ |
|---|
| LEADER | 02902aam a22003738a 4500 | ||
|---|---|---|---|
| 001 | NCT_24212 | ||
| 008 | 140521s2014 ||||||viesd | ||
| 999 | |c 1149 |d 1149 | ||
| 020 | |a 9786047201402 |c 35000 | ||
| 082 | 0 | 4 | |2 23rd ed. |a 343.597034 |b T527 |
| 100 | 1 | |a Nguyễn Văn Tuyến |e Chủ biên | |
| 245 | 1 | 0 | |a Giáo trình luật ngân sách nhà nước |c Nguyễn Văn Tuyến (chủ biên) |
| 250 | |a Tái bản lần thứ 10, có sửa đổi, bổ sung | ||
| 260 | |a H. |b Công an nhân dân |c 2015 | ||
| 300 | |a 271tr. |c 21cm | ||
| 500 | |a ĐTTS ghi: Trường đại học Luật Hà Nội | ||
| 520 | 3 | |a Giới thiệu nhập môn luật ngân sách nhà nước. Trình bày về tổ chức; lập dự toán; chấp hành và quyết toán; quản lý quỹ và xử lý vi phạm pháp luật về ngân sách nhà nước | |
| 653 | |a Luật học | ||
| 655 | 7 | |a Giáo trình | |
| 700 | 1 | |a Phạm Thị Giang Thu | |
| 700 | 1 | |a Nguyễn Thị Ánh Vân | |
| 700 | 1 | |a Vũ Văn Cương | |
| 942 | |2 ddc |c BK | ||
| 952 | |0 0 |1 0 |2 ddc |4 0 |6 343_597034000000000_T527 |7 0 |9 14374 |a 000001 |b 000001 |d 2018-10-01 |l 1 |o 343.597034 T527 |p MD.09559 |r 2020-08-24 |s 2020-08-17 |v 35000.00 |w 2018-10-01 |y BK | ||
| 952 | |0 0 |1 0 |2 ddc |4 0 |6 343_597034000000000_T527 |7 0 |9 14375 |a 000001 |b 000001 |d 2018-10-01 |l 2 |o 343.597034 T527 |p MD.09560 |r 2021-05-21 |s 2021-04-27 |v 35000.00 |w 2018-10-01 |y BK | ||
| 952 | |0 0 |1 0 |2 ddc |4 0 |6 343_597034000000000_T527 |7 0 |9 14376 |a 000001 |b 000001 |d 2018-10-01 |l 4 |o 343.597034 T527 |p MD.09561 |r 2020-08-24 |s 2020-08-17 |v 35000.00 |w 2018-10-01 |y BK | ||
| 952 | |0 0 |1 0 |2 ddc |4 0 |6 343_597034000000000_T527 |7 0 |9 14378 |a 000001 |b 000001 |d 2018-10-01 |l 1 |o 343.597034 T527 |p MD.09563 |r 2020-08-24 |s 2020-08-17 |v 35000.00 |w 2018-10-01 |y BK | ||
| 952 | |0 0 |1 0 |2 ddc |4 0 |6 343_597034000000000_T527 |7 0 |9 14379 |a 000001 |b 000001 |d 2018-10-01 |l 4 |o 343.597034 T527 |p MD.09564 |r 2020-08-18 |s 2020-08-17 |v 35000.00 |w 2018-10-01 |y BK | ||
| 952 | |0 0 |1 0 |2 ddc |4 0 |6 343_597034000000000_T527 |7 0 |9 14380 |a 000001 |b 000001 |d 2018-10-01 |l 2 |o 343.597034 T527 |p MD.09565 |r 2020-08-19 |s 2020-08-17 |v 35000.00 |w 2018-10-01 |y BK | ||
| 952 | |0 0 |1 0 |2 ddc |4 0 |6 343_597034000000000_T527 |7 0 |9 14381 |a 000001 |b 000001 |d 2018-10-01 |l 2 |o 343.597034 T527 |p MD.09566 |r 2020-08-18 |s 2020-08-17 |v 35000.00 |w 2018-10-01 |y BK | ||
| 952 | |0 0 |1 0 |2 ddc |4 0 |6 343_597034000000000_T527 |7 0 |9 14382 |a 000001 |b 000001 |d 2018-10-01 |l 1 |o 343.597034 T527 |p MD.09567 |r 2020-08-24 |s 2020-08-17 |v 35000.00 |w 2018-10-01 |y BK | ||
| 952 | |0 0 |1 0 |2 ddc |4 0 |6 343_597034000000000_T527 |7 0 |9 14383 |a 000001 |b 000001 |d 2018-10-01 |l 1 |o 343.597034 T527 |p MD.09568 |r 2018-11-20 |s 2018-11-05 |v 35000.00 |w 2018-10-01 |y BK | ||
| 952 | |0 0 |1 0 |2 ddc |4 0 |6 343_597034000000000_T527 |7 0 |9 14386 |a 000001 |b 000001 |d 2018-10-02 |o 343.597034 T527 |p MD.09562 |r 2018-10-02 |v 35000.00 |w 2018-10-02 |y BK | ||
| 980 | |a Thư viện Trường Đại học Nam Cần Thơ | ||


